[Event "DVM U20 2016"]
[Site "Borken-Gemen GER"]
[Date "2016.12.29"]
[Round "5"]
[White "Bosselmann, Tom Linus"]
[Black "Bay, Nicolai"]
[Result "0-1"]
[Termination "normal"]
[Board "3.5"]
[WhiteElo "1919"]
[BlackElo "1977"]
[WhiteClock "00:13:03"]
[BlackClock "00:29:08"]
[WhiteTeam "Lübecker SV"]
[BlackTeam "SC Eppingen"]
[PlyCount "96"]
[WhiteFideId "12983845"]
[BlackFideId "12927619"]
[EventCountry "GER"]
[EventRounds "7"]
[EventType "team-swiss"]
[EventDate "2016.12.26"]

1. e4 {[%clk 1:30:57]} c5 {[%clk 1:30:55]} 2. Nc3 {[%clk 1:31:10]} Nc6 {[%clk
1:31:07]} 3. f4 {[%clk 1:31:25]} e6 {[%clk 1:30:32]} 4. Nf3 {[%clk 1:31:43]} d6
{[%clk 1:29:49]} 5. Bb5 {[%clk 1:31:27]} Bd7 {[%clk 1:29:36]} 6. O-O {[%clk
1:31:20]} g6 {[%clk 1:29:03]} 7. d3 {[%clk 1:30:31]} Bg7 {[%clk 1:26:40]} 8.
Bd2 {[%clk 1:25:51]} Nf6 {[%clk 1:25:52]} 9. Kh1 {[%clk 1:23:54]} O-O {[%clk
1:25:50]} 10. Qe1 {[%clk 1:18:55]} a6 {[%clk 1:24:50]} 11. Bxc6 {[%clk
1:19:04]} Bxc6 {[%clk 1:24:16]} 12. h3 {[%clk 1:14:28]} d5 {[%clk 1:22:52]} 13.
Ne5 {[%clk 1:04:19]} Qc7 {[%clk 1:15:45]} 14. Nxc6 {[%clk 1:02:57]} Qxc6 {[%clk
1:16:04]} 15. Qe2 {[%clk 1:00:21]} Rad8 {[%clk 1:11:14]} 16. e5 {[%clk
0:42:38]} Nd7 {[%clk 1:10:28]} 17. Rae1 {[%clk 0:41:17]} b5 {[%clk 1:08:33]}
18. Nd1 {[%clk 0:38:18]} b4 {[%clk 1:06:40]} 19. Nf2 {[%clk 0:36:50]} Ra8
{[%clk 1:03:44]} 20. c3 {[%clk 0:33:40]} bxc3 {[%clk 1:04:04]} 21. bxc3 {[%clk
0:32:53]} Rab8 {[%clk 1:04:08]} 22. Bc1 {[%clk 0:28:28]} Rb6 {[%clk 1:03:36]}
23. Ng4 {[%clk 0:27:35]} Rfb8 {[%clk 1:01:23]} 24. Qf2 {[%clk 0:26:37]} Qb5
{[%clk 0:54:41]} 25. Rd1 {[%clk 0:22:05]} Qa5 {[%clk 0:52:13]} 26. Qd2 {[%clk
0:21:22]} Rb1 {[%clk 0:51:14]} 27. Rf2 {[%clk 0:20:14]} Qa4 {[%clk 0:48:22]}
28. Re1 {[%clk 0:20:01]} Ra1 {[%clk 0:46:46]} 29. Kh2 {[%clk 0:19:19]} h5
{[%clk 0:44:48]} 30. Ne3 {[%clk 0:18:36]} Bh6 {[%clk 0:45:11]} 31. g3 {[%clk
0:16:27]} h4 {[%clk 0:43:46]} 32. Ng4 {[%clk 0:16:16]} hxg3+ {[%clk 0:44:04]}
33. Kxg3 {[%clk 0:16:41]} Bg7 {[%clk 0:44:28]} 34. h4 {[%clk 0:16:37]} Rbb1
{[%clk 0:42:19]} 35. Rh2 {[%clk 0:16:18]} Kf8 {[%clk 0:35:43]} 36. Rhe2 {[%clk
0:15:57]} Kg8 {[%clk 0:23:29]} 37. Rh2 {[%clk 0:16:18]} Qa5 {[%clk 0:17:45]}
38. Rg2 {[%clk 0:04:34]} d4 {[%clk 0:15:07]} 39. f5 {[%clk 0:03:02]} exf5
{[%clk 0:13:09]} 40. Nf6+ {[%clk 0:02:59]} Bxf6 {[%clk 0:10:33]} 41. exf6
{[%clk 0:03:24]} Nxf6 {[%clk 0:08:43]} 42. Qg5 {[%clk 0:01:32]} Qxc3 {[%clk
0:05:21]} 43. Rge2 {[%clk 0:15:24]} Rxc1 {[%clk 0:27:31]} 44. Rxc1 {[%clk
0:15:02]} Qxc1 {[%clk 0:27:39]} 45. Qxf6 {[%clk 0:13:09]} Qg1+ {[%clk 0:27:57]}
46. Rg2 {[%clk 0:12:35]} Qe3+ {[%clk 0:28:21]} 47. Kh2 {[%clk 0:12:46]} Qf4+
{[%clk 0:28:46]} 48. Rg3 {[%clk 0:13:03]} Rxa2+ {[%clk 0:29:08]} 0-1

[Event "DVM U20 2016"]
[Site "Borken-Gemen GER"]
[Date "2016.12.29"]
[Round "5"]
[White "Hahn, Cedric"]
[Black "Rietschel, Tilo"]
[Result "1-0"]
[Termination "normal"]
[Board "3.6"]
[WhiteElo "1971"]
[BlackElo "1856"]
[WhiteClock "00:07:58"]
[BlackClock "00:02:23"]
[WhiteTeam "SC Eppingen"]
[BlackTeam "Lübecker SV"]
[PlyCount "49"]
[WhiteFideId "12910538"]
[BlackFideId "16208390"]
[EventCountry "GER"]
[EventRounds "7"]
[EventType "team-swiss"]
[EventDate "2016.12.26"]

1. d4 {[%clk 1:30:59]} Nf6 {[%clk 1:30:54]} 2. c4 {[%clk 1:31:12]} e6 {[%clk
1:31:20]} 3. Nf3 {[%clk 1:31:37]} c5 {[%clk 1:31:44]} 4. d5 {[%clk 1:31:58]} b5
{[%clk 1:29:31]} 5. dxe6 {[%clk 1:22:57]} fxe6 {[%clk 1:29:25]} 6. cxb5 {[%clk
1:12:29]} d5 {[%clk 1:24:03]} 7. e3 {[%clk 1:06:57]} Bd6 {[%clk 1:10:46]} 8.
Nc3 {[%clk 1:06:56]} Nbd7 {[%clk 1:05:39]} 9. Bd3 {[%clk 1:03:23]} Bb7 {[%clk
1:02:55]} 10. Qe2 {[%clk 0:59:46]} O-O {[%clk 0:55:29]} 11. e4 {[%clk 0:52:09]}
d4 {[%clk 0:47:17]} 12. Nb1 {[%clk 0:49:10]} Ne5 {[%clk 0:45:41]} 13. Nxe5
{[%clk 0:47:29]} Bxe5 {[%clk 0:45:52]} 14. f4 {[%clk 0:46:03]} Bc7 {[%clk
0:36:08]} 15. O-O {[%clk 0:43:35]} Qe7 {[%clk 0:32:26]} 16. b4 {[%clk 0:26:42]}
c4 {[%clk 0:23:42]} 17. Bxc4 {[%clk 0:23:05]} Nxe4 {[%clk 0:23:28]} 18. Nd2
{[%clk 0:21:03]} d3 {[%clk 0:20:41]} 19. Bxd3 {[%clk 0:17:47]} Bb6+ {[%clk
0:17:42]} 20. Kh1 {[%clk 0:17:55]} Qf6 {[%clk 0:15:18]} 21. Nxe4 {[%clk
0:12:36]} Qxa1 {[%clk 0:14:14]} 22. Bb2 {[%clk 0:12:27]} Qxa2 {[%clk 0:12:44]}
23. Ng5 {[%clk 0:09:14]} Rf6 {[%clk 0:04:14]} 24. Bc4 {[%clk 0:07:41]} Qa4
{[%clk 0:02:23]} 25. Bxf6 {[%clk 0:07:58]} 1-0

[Event "DVM U20 2016"]
[Site "Borken-Gemen GER"]
[Date "2016.12.29"]
[Round "5"]
[White "Stricker, Florian"]
[Black "Altstadt, Karl-Simon"]
[Result "1-0"]
[Termination "normal"]
[Board "4.1"]
[WhiteElo "2115"]
[BlackElo "1995"]
[WhiteTeam "SG Bochum"]
[BlackTeam "USV Halle"]
[PlyCount "89"]
[WhiteFideId "12976385"]
[BlackFideId "24696676"]
[EventCountry "GER"]
[EventRounds "7"]
[EventType "team-swiss"]
[EventDate "2016.12.26"]

1.d4 Nf6 2.Nf3 c5 3.e3 d5 4.b3 e6 5.Bd3 Nc6 6.O-O Be7 7.Bb2 O-O 8.Nbd2 cxd4
9.exd4 Re8 10.h3 Bd7 11.Re1 Rc8 12.Ne5 Bd6 13.Ndf3 Ne7 14.Ng5 Rf8 15. Qd2 Ng6
16.g3 Ne7 17.Rad1 Nf5 18.h4 h6 19.Ngf3 Bb8 20.c4 Nd6 21.c5 Nde4 22.b4 a6 23.Kg2
Be8 24.Bb1 Bb5 25.Qc2 Qe8 26.Rc1 Nd7 27.Nd2 Nxe5 28.dxe5 Ba4 29.Qd3 Bb5 30.Qe3
Nxd2 31.Qxd2 d4 32.Bxd4 Rd8 33.Qc2 g6 34.Qc3 Qc6+ 35.Be4 Qd7 36.Be3 Bc6 37.Bxh6
Bxe4+ 38.Rxe4 Qc6 39.Qf3 f5 40.exf6 Rxf6 41. Qxf6 Qxe4+ 42.Kh2 Rd7 43.Rd1 Bxg3+
44.Kxg3 Rd3+ 45.f3 1-0

[Event "DVM U20 2016"]
[Site "Borken-Gemen GER"]
[Date "2016.12.29"]
[Round "5"]
[White "Hartge, Gedeon"]
[Black "Rempe, Moritz"]
[Result "1-0"]
[Termination "normal"]
[Board "4.2"]
[WhiteElo "2088"]
[BlackElo "2105"]
[WhiteTeam "USV Halle"]
[BlackTeam "SG Bochum"]
[PlyCount "61"]
[WhiteFideId "12932116"]
[BlackFideId "12906867"]
[EventCountry "GER"]
[EventRounds "7"]
[EventType "team-swiss"]
[EventDate "2016.12.26"]

1.d4 d5 2.c4 e6 3.Nc3 Nf6 4.cxd5 exd5 5.Bg5 Be7 6.e3 c6 7.Bd3 h6 8.Bf4 O-O
9.Qc2 Re8 10.h3 Bd6 11.Bxd6 Qxd6 12.Nf3 Nbd7 13.O-O-O a5 14.g4 c5 15.Kb1 c4
16.Bf5 a4 17.h4 h5 18.gxh5 Nf8 19.Bxc8 Rexc8 20.h6 g6 21.h5 Nxh5 22. Rxh5 gxh5
23.Rg1+ Ng6 24.Ne5 Ra6 25.Nxf7 Kxf7 26.Qf5+ Qf6 27.Qxc8 Rd6 28. Qxb7+ Kg8
29.Nxd5 Qf5+ 30.Ka1 Rd7 31.Qxd7 1-0

[Event "DVM U20 2016"]
[Site "Borken-Gemen GER"]
[Date "2016.12.29"]
[Round "5"]
[White "Pilat, Fabian"]
[Black "Gröbel, Aaron"]
[Result "1/2-1/2"]
[Termination "normal"]
[Board "4.3"]
[WhiteElo "1931"]
[BlackElo "1977"]
[WhiteTeam "SG Bochum"]
[BlackTeam "USV Halle"]
[PlyCount "45"]
[WhiteFideId "24683396"]
[BlackFideId "12914851"]
[EventCountry "GER"]
[EventRounds "7"]
[EventType "team-swiss"]
[EventDate "2016.12.26"]

1.e4 e5 2.Nf3 Nc6 3.d4 exd4 4.Bc4 Bc5 5.c3 Nf6 6.e5 d5 7.Bb5 Ne4 8.cxd4 Bb6
9.O-O O-O 10.h3 Ne7 11.Nc3 f6 12.exf6 Rxf6 13.Ne5 h6 14.Be3 Be6 15.Bd3 Nxc3
16.bxc3 Qd6 17.Qd2 Raf8 18.Rac1 Nf5 19.Bf4 Qd8 20.Be3 c6 21.Kh2 Bc7 22.f4 h5
23.g3 1/2-1/2

[Event "DVM U20 2016"]
[Site "Borken-Gemen GER"]
[Date "2016.12.29"]
[Round "5"]
[White "Schulte, Felix"]
[Black "Fistoul, Boris"]
[Result "1-0"]
[Termination "normal"]
[Board "4.4"]
[WhiteElo "1892"]
[BlackElo "1865"]
[WhiteTeam "USV Halle"]
[BlackTeam "SG Bochum"]
[PlyCount "99"]
[WhiteFideId "12914800"]
[BlackFideId "12953962"]
[EventCountry "GER"]
[EventRounds "7"]
[EventType "team-swiss"]
[EventDate "2016.12.26"]

1.d4 e6 2.c4 f5 3.g3 d5 4.Bg2 Nf6 5.Nf3 c6 6.O-O Bd6 7.b3 Qe7 8.Nc3 O-O 9. Na4
Ne4 10.Nb2 f4 11.Nd3 fxg3 12.hxg3 Nd7 13.Bf4 Ndf6 14.Qc2 Bd7 15.Nfe5 g5 16.Be3
Be8 17.Bh3 h5 18.Qc1 Nd7 19.Bg2 Ba3 20.Qd1 h4 21.c5 hxg3 22.fxg3 Rxf1+ 23.Bxf1
Nxe5 24.Nxe5 Bb2 25.Rb1 Bc3 26.Qc1 Qf8 27.Bg2 Bd2 28.Bxd2 Qf2+ 29.Kh1 Nxg3+
30.Kh2 Nxe2 31.Qe1 Qxe1 32.Rxe1 Nxd4 33.Bxg5 Kg7 34.Rf1 Nf5 35.Bh3 Bg6 36.Rg1
a5 37.Bf4 Ne7 38.Bxe6 a4 39.b4 Kf6 40.Bh3 a3 41.Nxg6 Nxg6 42.Bd2 Re8 43.Bc3+
Kf7 44.Rf1+ Kg8 45.Re1 Rf8 46.Be6+ Kh7 47.Kg3 Nf4 48.Bg4 Nd3 49.Re3 Nc1 50.Bd2
1-0

[Event "DVM U20 2016"]
[Site "Borken-Gemen GER"]
[Date "2016.12.29"]
[Round "5"]
[White "Wübker, Paul-Luca"]
[Black "Rudolf, Henning"]
[Result "0-1"]
[Termination "normal"]
[Board "4.5"]
[WhiteElo "1751"]
[BlackElo "1848"]
[WhiteTeam "SG Bochum"]
[BlackTeam "USV Halle"]
[PlyCount "48"]
[WhiteFideId "12939528"]
[BlackFideId "12994596"]
[EventCountry "GER"]
[EventRounds "7"]
[EventType "team-swiss"]
[EventDate "2016.12.26"]

1.d4 Nf6 2.c4 g6 3.Nc3 d5 4.cxd5 Nxd5 5.Nxd5 Qxd5 6.Bf4 Bg7 7.e3 c5 8.Qc2 Bf5
9.Qd2 cxd4 10.exd4 Qxd4 11.Rd1 Qxd2+ 12.Rxd2 O-O 13.Nf3 Nc6 14.Bb5 Rfd8 15.Bxc6
bxc6 16.Be5 Rxd2 17.Kxd2 Rd8+ 18.Ke2 Bd3+ 19.Ke3 f6 20.Bf4 e5 21.Nxe5 fxe5
22.Bg5 Rd5 23.b3 e4 24.Rc1 Rxg5 0-1

[Event "DVM U20 2016"]
[Site "Borken-Gemen GER"]
[Date "2016.12.29"]
[Round "5"]
[White "Kretzschmar, Arnd"]
[Black "Gerzen, Robin"]
[Result "1-0"]
[Termination "normal"]
[Board "4.6"]
[WhiteElo "1959"]
[BlackElo "1653"]
[WhiteTeam "USV Halle"]
[BlackTeam "SG Bochum"]
[PlyCount "67"]
[WhiteFideId "12914835"]
[BlackFideId "16206819"]
[EventCountry "GER"]
[EventRounds "7"]
[EventType "team-swiss"]
[EventDate "2016.12.26"]

1.d4 Nf6 2.c4 e5 3.dxe5 Ng4 4.Bf4 Nc6 5.Nf3 Bb4+ 6.Nbd2 Qe7 7.e3 Ngxe5 8. Nxe5
Nxe5 9.Be2 O-O 10.O-O Bxd2 11.Qxd2 d6 12.Rac1 b6 13.Bxe5 Qxe5 14.b4 Bb7 15.Rfd1
a5 16.c5 axb4 17.cxb6 cxb6 18.Qxd6 Qxd6 19.Rxd6 Rxa2 20.Bc4 Rc8 21.Rcd1 g6
22.Bxa2 Rc2 23.Bb3 Rb2 24.Bxf7+ Kf8 25.Rd8+ Kg7 26.R8d7 Bc6 27.Rc7 Kf8 28.Rxc6
Kxf7 29.Rxb6 Kg7 30.h3 b3 31.Rd7+ Kh6 32.Rbb7 Rb1+ 33. Kh2 Rf1 34.Kg3 1-0

[Event "DVM U20 2016"]
[Site "Borken-Gemen GER"]
[Date "2016.12.29"]
[Round "5"]
[White "Peng, Xiang-Tobias"]
[Black "Dürr, Florian"]
[Result "1/2-1/2"]
[Termination "normal"]
[Board "5.1"]
[WhiteElo "2144"]
[BlackElo "1887"]
[WhiteTeam "Heilbronner SV"]
[BlackTeam "SC Erlangen"]
[PlyCount "76"]
[WhiteFideId "12964328"]
[BlackFideId "24659134"]
[EventCountry "GER"]
[EventRounds "7"]
[EventType "team-swiss"]
[EventDate "2016.12.26"]

1.d4 Nf6 2.c4 c5 3.Nf3 g6 4.Nc3 Bg7 5.Bg5 cxd4 6.Nxd4 Nc6 7.e3 d6 8.Be2 Bd7
9.O-O O-O 10.Nb3 a5 11.Nd4 Rc8 12.Rc1 Ne5 13.b3 a4 14.Nf3 Nxf3+ 15. Bxf3 axb3
16.Qxb3 Rb8 17.Rfd1 b6 18.e4 h6 19.Bf4 g5 20.Be3 Ng4 21.Bxg4 Bxg4 22.f3 Be6
23.Nd5 Bxd5 24.Rxd5 Qc7 25.Rb5 Qa7 26.a4 Qa8 27.Rb1 Rbc8 28.Bxb6 Rc6 29.a5 Rfc8
30.Rc1 Qa6 31.Be3 Be5 32.Qb4 Bf4 33.Kf2 Bxe3+ 34. Kxe3 Rc5 35.Kd2 Qa7 36.Kd3
Rxb5 37.Qxb5 Rc5 38.Qe8+ Kg7 1/2-1/2

[Event "DVM U20 2016"]
[Site "Borken-Gemen GER"]
[Date "2016.12.29"]
[Round "5"]
[White "Tong, Kevin"]
[Black "Wenninger, Patrick"]
[Result "1/2-1/2"]
[Termination "normal"]
[Board "5.2"]
[WhiteElo "2149"]
[BlackElo "1841"]
[WhiteTeam "SC Erlangen"]
[BlackTeam "Heilbronner SV"]
[PlyCount "78"]
[WhiteFideId "12913944"]
[BlackFideId "12927880"]
[EventCountry "GER"]
[EventRounds "7"]
[EventType "team-swiss"]
[EventDate "2016.12.26"]

1.e4 c6 2.d4 d5 3.exd5 cxd5 4.Bd3 Nc6 5.c3 Qc7 6.Ne2 Bg4 7.f3 Bd7 8.Bf4 e5
9.dxe5 Nxe5 10.Bc2 Nf6 11.Ba4 Bc5 12.Bg3 O-O 13.Bxd7 Nfxd7 14.Nd4 Qb6 15. O-O
Qxb2 16.Nd2 Qxc3 17.Nb3 Bb6 18.Rc1 Qd3 19.Kh1 Rac8 20.Qxd3 Nxd3 21. Rcd1 Nb4
22.Bd6 Nxa2 23.Bxf8 Kxf8 24.Nf5 Nf6 25.Rfe1 Nb4 26.h3 Rc3 27.Nbd4 g6 28.Nb5 Rd3
29.Nfd6 a6 30.Nc8 Ba5 31.Nbd6 Rc3 32.Re7 Rc7 33.Rxc7 Bxc7 34.Nxb7 Ke8 35.Ncd6+
Kd7 36.Nxf7 Kc6 37.Nbd8+ Kd7 38.Nb7 Kc6 39.Nbd8+ Kd7 1/2-1/2

[Event "DVM U20 2016"]
[Site "Borken-Gemen GER"]
[Date "2016.12.29"]
[Round "5"]
[White "Degenhard, Simon"]
[Black "Diller, Daniel"]
[Result "1-0"]
[Termination "normal"]
[Board "5.3"]
[WhiteElo "1979"]
[BlackElo "1982"]
[WhiteTeam "Heilbronner SV"]
[BlackTeam "SC Erlangen"]
[PlyCount "57"]
[WhiteFideId "12944017"]
[BlackFideId "12908983"]
[EventCountry "GER"]
[EventRounds "7"]
[EventType "team-swiss"]
[EventDate "2016.12.26"]

1.d4 d5 2.Nf3 Nf6 3.e3 c5 4.c4 dxc4 5.Bxc4 e6 6.Nc3 a6 7.a4 Nc6 8.O-O Qc7 9.Qe2
Bd6 10.Rd1 O-O 11.d5 exd5 12.Nxd5 Nxd5 13.Bxd5 Bg4 14.h3 Bh5 15.Bd2 Rfe8 16.Bc3
Rab8 17.a5 Ne7 18.Be4 h6 19.Qc4 Rbd8 20.Rd2 Bg6 21.Bxg6 Nxg6 22.Rad1 Qc6 23.h4
Re4 24.Qb3 Rg4 25.Kf1 Nxh4 26.Qb6 Qxb6 27.axb6 Nxf3 28. gxf3 Rh4 29.Rxd6 1-0

[Event "DVM U20 2016"]
[Site "Borken-Gemen GER"]
[Date "2016.12.29"]
[Round "5"]
[White "Haas, Maximilian"]
[Black "Mikeler, Marcel"]
[Result "1/2-1/2"]
[Termination "normal"]
[Board "5.4"]
[WhiteElo "1752"]
[BlackElo "1833"]
[WhiteTeam "SC Erlangen"]
[BlackTeam "Heilbronner SV"]
[PlyCount "72"]
[WhiteFideId "12959219"]
[BlackFideId "12927856"]
[EventCountry "GER"]
[EventRounds "7"]
[EventType "team-swiss"]
[EventDate "2016.12.26"]

1.e4 e5 2.Nf3 Nc6 3.d4 exd4 4.c3 d5 5.exd5 Qxd5 6.cxd4 Bg4 7.Be3 Bb4+ 8. Nc3
O-O-O 9.Be2 Bxf3 10.Bxf3 Qc4 11.Qb3 Qxb3 12.axb3 Nge7 13.O-O a5 14. Rfd1 f5
15.Rac1 Kb8 16.Ne2 h6 17.h4 Nd5 18.Nf4 Nxf4 19.Bxf4 Bd6 20.Bxd6 Rxd6 21.Bxc6
Rxc6 22.Rxc6 bxc6 23.Rc1 Kb7 24.Rc5 Rd8 25.Rxa5 Rxd4 26.Rxf5 Rxh4 27.f4 Kb6
28.g3 Rg4 29.Kf2 Rg6 30.b4 Rd6 31.Ke3 Rd1 32.Rf7 g6 33.g4 Rg1 34.Kf3 Rf1+
35.Ke3 Re1+ 36.Kf3 Rf1+ 1/2-1/2

[Event "DVM U20 2016"]
[Site "Borken-Gemen GER"]
[Date "2016.12.29"]
[Round "5"]
[White "Lahouel, Kim-Luca"]
[Black "Buzatu, Alexander"]
[Result "1-0"]
[Termination "normal"]
[Board "5.5"]
[WhiteElo "1740"]
[BlackElo "1574"]
[WhiteTeam "Heilbronner SV"]
[BlackTeam "SC Erlangen"]
[PlyCount "49"]
[WhiteFideId "12979503"]
[BlackFideId "12983560"]
[EventCountry "GER"]
[EventRounds "7"]
[EventType "team-swiss"]
[EventDate "2016.12.26"]

1.e4 e5 2.Nf3 Nc6 3.Bc4 Bc5 4.b4 Bxb4 5.c3 Ba5 6.d4 exd4 7.O-O Nf6 8.e5 d5
9.exd6 cxd6 10.Re1+ Ne7 11.Qe2 dxc3 12.Ba3 Bg4 13.Bb5+ Kf8 14.Qd3 Bxf3 15. Qxf3
Qc7 16.Qd3 Rd8 17.Rc1 Nfd5 18.Bc4 Nb6 19.Bb3 h5 20.Nxc3 Bxc3 21.Rxc3 Qd7 22.Qf3
Nec8 23.Rac1 Qe8 24.Re3 Qd7 25.Be6 1-0

[Event "DVM U20 2016"]
[Site "Borken-Gemen GER"]
[Date "2016.12.29"]
[Round "5"]
[White "Grüninger, Maxim"]
[Black "Ignatov, Dmitriy"]
[Result "1-0"]
[Termination "normal"]
[Board "5.6"]
[WhiteElo "1556"]
[BlackElo "1768"]
[WhiteTeam "SC Erlangen"]
[BlackTeam "Heilbronner SV"]
[PlyCount "83"]
[WhiteFideId "12942960"]
[BlackFideId "12927872"]
[EventCountry "GER"]
[EventRounds "7"]
[EventType "team-swiss"]
[EventDate "2016.12.26"]

1.e4 c6 2.d4 d5 3.exd5 cxd5 4.Bd3 Nc6 5.c3 Nf6 6.Ne2 Bg4 7.f3 Bd7 8.Bf4 e6
9.Nd2 Be7 10.Ng3 O-O 11.O-O Qb6 12.Nb3 e5 13.Bg5 exd4 14.cxd4 h6 15.Bc1 a5
16.Ne2 a4 17.Nd2 Nxd4 18.Kh1 Bf5 19.Nb1 Bxd3 20.Qxd3 Ne6 21.Nbc3 Rfd8 22. Nf4
Nxf4 23.Bxf4 Bd6 24.Bxd6 Rxd6 25.Nb5 Rd7 26.Rad1 Ra5 27.Rc1 g6 28.Nd4 Qxb2
29.a3 Qb6 30.Qc3 Ra8 31.Rfd1 Rad8 32.Qe3 Kg7 33.Nf5+ gxf5 34.Qxb6 d4 35.Rc7
Rxc7 36.Qxc7 Rd7 37.Qc4 Rd8 38.h3 Kg6 39.Rxd4 Re8 40.Rd6 Kg7 41.Qd4 Re1+ 42.Kh2
1-0

[Event "DVM U20 2016"]
[Site "Borken-Gemen GER"]
[Date "2016.12.29"]
[Round "5"]
[White "Merkel, Toni"]
[Black "Flüchter, Gregor"]
[Result "1/2-1/2"]
[Termination "normal"]
[Board "6.1"]
[WhiteElo "1910"]
[BlackElo "2168"]
[WhiteTeam "SK König Plauen"]
[BlackTeam "SF Brackel"]
[PlyCount "55"]
[WhiteFideId "12902624"]
[BlackFideId "12903396"]
[EventCountry "GER"]
[EventRounds "7"]
[EventType "team-swiss"]
[EventDate "2016.12.26"]

1.e4 c5 2.Nf3 Nc6 3.d4 cxd4 4.Nxd4 e5 5.Nb5 a6 6.Nd6+ Bxd6 7.Qxd6 Qe7 8. Qxe7+
Ngxe7 9.c3 d5 10.exd5 Nxd5 11.Be2 Be6 12.O-O O-O 13.Bf3 f5 14.Bxd5 Bxd5 15.Be3
e4 16.Na3 Ne5 17.Bd4 Nd3 18.c4 Bc6 19.Nc2 Rac8 20.Ne1 Nf4 21. Be5 Ng6 22.Bd4
Rfd8 23.Nc2 Rd7 24.Bc3 Nf4 25.Rfe1 Nd3 26.Re3 Rf7 27.Nb4 Nxb4 28.Bxb4 1/2-1/2

[Event "DVM U20 2016"]
[Site "Borken-Gemen GER"]
[Date "2016.12.29"]
[Round "5"]
[White "Stemmler, Fabian"]
[Black "Fischer, Erik"]
[Result "1/2-1/2"]
[Termination "normal"]
[Board "6.2"]
[WhiteElo "2087"]
[BlackElo "1865"]
[WhiteTeam "SF Brackel"]
[BlackTeam "SK König Plauen"]
[PlyCount "40"]
[WhiteFideId "12964808"]
[BlackFideId "12956678"]
[EventCountry "GER"]
[EventRounds "7"]
[EventType "team-swiss"]
[EventDate "2016.12.26"]

1.d4 Nf6 2.Bg5 d5 3.Nd2 Bf5 4.e3 Nbd7 5.Ngf3 e6 6.c4 Be7 7.Be2 O-O 8.O-O c6
9.Qb3 Qb6 10.Nh4 Bg6 11.Nxg6 hxg6 12.Nf3 Qxb3 13.axb3 Bd6 14.Bh4 Rfe8 15.Rfd1
a6 16.Rac1 Rac8 17.Bg3 Bxg3 18.hxg3 Kf8 19.Kf1 Ke7 20.Bd3 Kf8 1/2-1/2

[Event "DVM U20 2016"]
[Site "Borken-Gemen GER"]
[Date "2016.12.29"]
[Round "5"]
[White "Nguyen Dang, Huy Duc"]
[Black "Elier, Ali"]
[Result "1/2-1/2"]
[Termination "normal"]
[Board "6.3"]
[WhiteElo "1803"]
[BlackElo "1859"]
[WhiteTeam "SK König Plauen"]
[BlackTeam "SF Brackel"]
[PlyCount "54"]
[WhiteFideId "12922846"]
[BlackFideId "16217543"]
[EventCountry "GER"]
[EventRounds "7"]
[EventType "team-swiss"]
[EventDate "2016.12.26"]

1.e4 e5 2.Nf3 Nc6 3.Bc4 Nf6 4.d3 Be7 5.c3 O-O 6.Nbd2 a6 7.Bb3 d5 8.Bc2 dxe4
9.dxe4 Bg4 10.O-O Bc5 11.Qe2 Qe7 12.Nc4 h6 13.Be3 Rad8 14.Rad1 b5 15. Bxc5 Qxc5
16.Ne3 Be6 17.a3 Qb6 18.Rxd8 Rxd8 19.Rd1 Rxd1+ 20.Qxd1 Ng4 21. Nxg4 Bxg4 22.h3
Bxf3 23.Qxf3 Na5 24.Qf5 Qf6 25.Qc8+ Kh7 26.Qxc7 Nc4 27.Bb3 Qf4 1/2-1/2

[Event "DVM U20 2016"]
[Site "Borken-Gemen GER"]
[Date "2016.12.29"]
[Round "5"]
[White "Wastian, Jan"]
[Black "Karl, Binh"]
[Result "1/2-1/2"]
[Termination "normal"]
[Board "6.4"]
[WhiteElo "1960"]
[BlackElo "1761"]
[WhiteTeam "SF Brackel"]
[BlackTeam "SK König Plauen"]
[PlyCount "71"]
[WhiteFideId "12911640"]
[BlackFideId "12922862"]
[EventCountry "GER"]
[EventRounds "7"]
[EventType "team-swiss"]
[EventDate "2016.12.26"]

1.e4 c5 2.c3 Nf6 3.e5 Nd5 4.d4 cxd4 5.Nf3 Nc6 6.cxd4 d6 7.Bc4 Nb6 8.Bb5 dxe5
9.Nxe5 Bd7 10.Nxd7 Qxd7 11.Nc3 e6 12.O-O a6 13.Bxc6 Qxc6 14.Qg4 Nd5 15.Bd2 Nf6
16.Qg3 Rd8 17.Rac1 Bd6 18.Qxg7 Rg8 19.d5 exd5 20.Rfe1+ Be7 21. Qh6 Rg6 22.Qf4
Qd7 23.Nb1 Ne4 24.f3 Qh3 25.Re2 Bd6 26.Rxe4+ dxe4 27.Qxe4+ Kf8 28.f4 Qe6 29.Qf3
Qf5 30.Nc3 Re8 31.Ne2 Bc5+ 32.Kh1 b6 33.Ng3 Qd7 34. Rd1 Rd6 35.Ne4 Rd3 36.Nf6
1/2-1/2

[Event "DVM U20 2016"]
[Site "Borken-Gemen GER"]
[Date "2016.12.29"]
[Round "5"]
[White "Helmrich, Daniel"]
[Black "Birnkraut, Tim"]
[Result "1/2-1/2"]
[Termination "normal"]
[Board "6.5"]
[WhiteElo "1712"]
[BlackElo "1875"]
[WhiteTeam "SK König Plauen"]
[BlackTeam "SF Brackel"]
[PlyCount "53"]
[WhiteFideId "12956767"]
[BlackFideId "24609587"]
[EventCountry "GER"]
[EventRounds "7"]
[EventType "team-swiss"]
[EventDate "2016.12.26"]

1.e4 e5 2.Nf3 Nc6 3.Bc4 Bc5 4.c3 Nf6 5.d3 O-O 6.O-O d6 7.Nbd2 a6 8.Bb3 Ba7
9.Re1 Ne7 10.Nf1 Ng6 11.Be3 c5 12.Ng3 b5 13.h3 Qc7 14.d4 Bb7 15.Bc2 Rfe8 16.Bg5
Nd7 17.Nf5 Bb8 18.d5 f6 19.Be3 c4 20.N3h4 Nxh4 21.Nxh4 Ba7 22.Bxa7 Rxa7 23.Qh5
Rd8 24.Re3 Nf8 25.Rg3 Bc8 26.Nf5 Bxf5 27.Qxf5 1/2-1/2

[Event "DVM U20 2016"]
[Site "Borken-Gemen GER"]
[Date "2016.12.29"]
[Round "5"]
[White "Kantor, Nikita"]
[Black "Nguyen Dang, Lukas"]
[Result "1-0"]
[Termination "normal"]
[Board "6.6"]
[WhiteElo "1916"]
[BlackElo "1794"]
[WhiteTeam "SF Brackel"]
[BlackTeam "SK König Plauen"]
[PlyCount "75"]
[WhiteFideId "12990922"]
[BlackFideId "12957135"]
[EventCountry "GER"]
[EventRounds "7"]
[EventType "team-swiss"]
[EventDate "2016.12.26"]

1.d4 Nf6 2.c4 c5 3.d5 g6 4.Nc3 Bg7 5.e4 O-O 6.Nf3 d6 7.h3 a6 8.a4 e6 9.Bd3 exd5
10.cxd5 Nbd7 11.O-O Re8 12.Bg5 Qc7 13.Nd2 Ne5 14.Be2 c4 15.Qc2 Nh5 16.g4 Nf6
17.f4 Qc5+ 18.Kg2 Nexg4 19.hxg4 Nxg4 20.Bxg4 Bxg4 21.Rae1 b5 22. f5 Be5 23.Nf3
Bxf3+ 24.Rxf3 f6 25.Be3 Qb4 26.fxg6 hxg6 27.Rh3 Kg7 28.Reh1 Rh8 29.Bh6+ Kf7
30.axb5 axb5 31.Bd2 Kg7 32.Nd1 Qc5 33.Bh6+ Kf7 34.Be3 Qc8 35.Rxh8 Qg4+ 36.Kf2
Bg3+ 37.Kf1 Qf3+ 38.Bf2 1-0

[Event "DVM U20 2016"]
[Site "Borken-Gemen GER"]
[Date "2016.12.29"]
[Round "5"]
[White "Holtel, Jasper"]
[Black "Keller, Peter"]
[Result "1-0"]
[Termination "normal"]
[Board "7.1"]
[WhiteTitle "FM"]
[BlackTitle "FM"]
[WhiteElo "2236"]
[BlackElo "2285"]
[WhiteTeam "SK Münster"]
[BlackTeam "Frankfurter TV"]
[PlyCount "81"]
[WhiteFideId "12956376"]
[BlackFideId "1272105"]
[EventCountry "GER"]
[EventRounds "7"]
[EventType "team-swiss"]
[EventDate "2016.12.26"]

1.e4 g6 2.d4 Bg7 3.Nc3 c6 4.Nf3 d5 5.h3 dxe4 6.Nxe4 Nf6 7.Nxf6+ exf6 8.Bc4 O-O
9.O-O a5 10.Re1 Na6 11.Bf4 Nb4 12.c3 Nd5 13.Bg3 b5 14.Bxd5 Qxd5 15.Nd2 Be6
16.Ne4 Qd8 17.Nc5 Bd5 18.a4 f5 19.Qe2 Qg5 20.Qe3 Qxe3 21.Rxe3 Bh6 22. Re7 f4
23.Bh2 Rfe8 24.Rae1 Rxe7 25.Rxe7 Bg5 26.Re5 Bf6 27.Re1 g5 28.g3 f3 29.g4 Kg7
30.Bc7 Bc4 31.Re3 Be2 32.Kh2 bxa4 33.Nxa4 Bd1 34.Nc5 a4 35.Ne4 a3 36.bxa3 Rxa3
37.Ng3 Ra8 38.Be5 Bxe5 39.Rxe5 Kg6 40.Nf5 Be2 41.Rc5 1-0